| 000 | 00740cam a22002413a 4500 | ||
|---|---|---|---|
| 001 | 16878 | ||
| 003 | PGUSA | ||
| 005 | 20140828083347.0 | ||
| 008 | 051015s2005||||xxu|||||s|||||000 | eng d | ||
| 040 |
_aPGUSA _beng |
||
| 042 | _adc | ||
| 050 | 4 | _aBS | |
| 100 | 1 |
_aNewton, Isaac, _cSir, _d1642-1727 |
|
| 245 | 1 | 0 |
_aObservations upon the Prophecies of Daniel, and the Apocalypse of St. John _h[electronic resource] / _cIsaac, Newton |
| 260 |
_bProject Gutenberg, _c2005 |
||
| 506 | _aPublic domain in the USA. | ||
| 516 | _aElectronic text | ||
| 653 | _aBible. Revelation -- Prophecies | ||
| 653 | _aBible. Daniel -- Prophecies | ||
| 830 | 0 |
_aProject Gutenberg _v16878 |
|
| 856 | 4 | 0 | _uhttp://www.gutenberg.org/ebooks/16878 |
| 942 | _cEB | ||
| 999 |
_c246133 _d246133 |
||